[Event "FIDE World Blitz 2014"]
[Site "Dubai UAE"]
[Date "2014.06.19"]
[Round "9.12"]
[White "Guseinov, Gadir"]
[Black "Tomashevsky, Evgeny"]
[Result "0-1"]
[WhiteTitle "GM"]
[BlackTitle "GM"]
[WhiteElo "2613"]
[BlackElo "2695"]
[WhiteFideId "13401378"]
[BlackFideId "4147235"]
[EventDate "2014.06.19"]

1. e4 e5 2. Nf3 Nc6 3. Bb5 a6 4. Bxc6 dxc6 5. O-O Qf6 6. d4 exd4 7. Bg5 Qd6 8.
Nxd4 Bd7 9. Nc3 Ne7 10. Bh4 O-O-O 11. Bg3 Qg6 12. Qf3 Kb8 13. Qf4 Rc8 14. Na4
Ka8 15. Rad1 h5 16. Nb3 Be6 17. Rd8 Rxd8 18. Qxc7 Rc8 19. Qb6 Nd5 20. exd5 Bxd5
21. Nbc5 Bxc5 22. Nxc5 Rb8 23. f3 Qxc2 24. Nd7 Qa4 25. Qc7 Qb5 26. Nxb8 Qc5+ 27.
Kh1 Qb5 28. Rg1 h4 29. Be5 h3 30. Nd7 hxg2+ 31. Kxg2 Qe2+ 0-1

[Event "FIDE World Blitz 2014"]
[Site "Dubai UAE"]
[Date "2014.06.19"]
[Round "9.13"]
[White "Safarli, Eltaj"]
[Black "Iturrizaga Bonelli, Eduardo"]
[Result "0-1"]
[WhiteTitle "GM"]
[BlackTitle "GM"]
[WhiteElo "2649"]
[BlackElo "2653"]
[WhiteFideId "13402129"]
[BlackFideId "3901211"]
[EventDate "2014.06.19"]

1. e4 c5 2. Nf3 g6 3. Bc4 Bg7 4. c3 e6 5. d4 cxd4 6. cxd4 d5 7. exd5 exd5 8. Bb3
Ne7 9. h3 Nbc6 10. O-O O-O 11. Nc3 h6 12. Bf4 Bf5 13. Re1 a6 14. Qd2 Kh7 15. Be5
f6 16. Bg3 Rc8 17. Rad1 Na5 18. Qe2 Re8 19. Nxd5 Nxb3 20. Nxe7 Rc2 21. Qe3 Na5
22. Qa3 Nc4 23. Qb4 Bf8 24. d5 Rxe7 25. d6 Rxe1+ 26. Rxe1 Nxd6 27. Rd1 Nf7 28.
Qe1 Qe7 29. Qxe7 Bxe7 30. Nd4 Rxb2 31. Nxf5 gxf5 32. Rd7 Re2 33. Rxb7 Kg6 34.
Ra7 Bc5 35. Rxa6 f4 36. Bh4 Re1+ 37. Kh2 Bd4 38. Ra4 Be5 39. f3 Ra1 40. Bf2 Nd6
41. h4 Nf5 42. Ra8 Ng3 43. h5+ Kxh5 0-1

[Event "FIDE World Blitz 2014"]
[Site "Dubai UAE"]
[Date "2014.06.19"]
[Round "9.15"]
[White "Laznicka, Viktor"]
[Black "Vitiugov, Nikita"]
[Result "1/2-1/2"]
[WhiteTitle "GM"]
[BlackTitle "GM"]
[WhiteElo "2679"]
[BlackElo "2742"]
[WhiteFideId "316385"]
[BlackFideId "4152956"]
[EventDate "2014.06.19"]

1. d4 d5 2. c4 c6 3. Nf3 Nf6 4. g3 dxc4 5. Bg2 g6 6. O-O Bg7 7. a4 O-O 8. Na3
Be6 9. Ng5 Bf5 10. Nxc4 h6 11. Nf3 Nbd7 12. a5 Be4 13. b3 b5 14. axb6 axb6 15.
Bb2 Qc7 16. Qd2 g5 17. Rfc1 c5 18. h4 g4 19. Nfe5 Bxg2 20. Kxg2 b5 21. Nxd7 Qxd7
22. Ne5 Qd5+ 23. Kg1 Rxa1 24. Bxa1 cxd4 25. Qxd4 Qxb3 26. Nxg4 Qe6 27. Ne5 Qd5
28. Qe3 Qe4 29. Qd2 Ra8 30. Nd3 Qe6 31. Bxf6 Qxf6 32. Qb4 Qe6 33. Nf4 Qd7 34.
Rc5 Ra1+ 35. Kh2 Qd4 36. Qxd4 Bxd4 37. Rxb5 Bxf2 38. Kg2 Bd4 39. Rd5 Bb2 40. Rd2
Bc1 41. Rd1 Bb2 42. Rxa1 Bxa1 43. Kf3 1/2-1/2

[Event "FIDE World Blitz 2014"]
[Site "Dubai UAE"]
[Date "2014.06.19"]
[Round "9.16"]
[White "Yudin, Sergei"]
[Black "Karjakin, Sergey"]
[Result "0-1"]
[WhiteTitle "GM"]
[BlackTitle "GM"]
[WhiteElo "2546"]
[BlackElo "2771"]
[WhiteFideId "4159659"]
[BlackFideId "14109603"]
[EventDate "2014.06.19"]

1. e4 e5 2. Nf3 Nc6 3. Bc4 Bc5 4. d3 Nf6 5. Nbd2 d6 6. c3 O-O 7. O-O a6 8. Bb3
Ba7 9. Re1 Ng4 10. Re2 Kh8 11. h3 Nh6 12. Nf1 f5 13. Be3 fxe4 14. dxe4 Bxh3 15.
Bxa7 Rxa7 16. Ne3 Ra8 17. Bd5 Rxf3 18. Bxc6 bxc6 19. gxf3 Qg5+ 20. Kh2 Qh5 21.
Kg3 Rf8 22. Qh1 Rf6 23. Ng4 Nxg4 0-1

[Event "FIDE World Blitz 2014"]
[Site "Dubai UAE"]
[Date "2014.06.19"]
[Round "9.17"]
[White "Amin, Bassem"]
[Black "Anand, Viswanathan"]
[Result "0-1"]
[WhiteTitle "GM"]
[BlackTitle "GM"]
[WhiteElo "2635"]
[BlackElo "2785"]
[WhiteFideId "10601457"]
[BlackFideId "5000017"]
[EventDate "2014.06.19"]

1. e4 c5 2. Nf3 d6 3. g3 Nc6 4. Bg2 g6 5. O-O Bg7 6. c3 Nf6 7. d4 O-O 8. d5 Na5
9. Re1 b5 10. e5 Ne8 11. a4 b4 12. cxb4 cxb4 13. Bg5 dxe5 14. Nxe5 Bxe5 15. Rxe5
f6 16. d6 Nxd6 17. Bh6 fxe5 18. Bxa8 Nf7 19. Bd5 Re8 20. Qf3 e6 21. Be4 Nxh6 0-1

[Event "FIDE World Blitz 2014"]
[Site "Dubai UAE"]
[Date "2014.06.19"]
[Round "9.20"]
[White "Lenic, Luka"]
[Black "Svidler, Peter"]
[Result "0-1"]
[WhiteTitle "GM"]
[BlackTitle "GM"]
[WhiteElo "2659"]
[BlackElo "2753"]
[WhiteFideId "14603853"]
[BlackFideId "4102142"]
[EventDate "2014.06.19"]

1. d4 d6 2. Nf3 g6 3. c4 f5 4. g3 Nf6 5. Bg2 Bg7 6. O-O O-O 7. b4 e5 8. dxe5
dxe5 9. Bb2 e4 10. Nd4 Ng4 11. c5 Rf7 12. Na3 Nc6 13. Nxc6 Qxd1 14. Raxd1 Bxb2
15. Nc4 Bf6 16. Nd4 Bd7 17. f3 exf3 18. exf3 Ba4 19. Rd2 Rd8 20. Nb3 Rxd2 21.
Ncxd2 Ne3 22. Re1 Nc2 23. Re2 Nxb4 24. f4 b6 25. a3 Nc2 26. Bd5 Nxa3 27. Bxf7+
Kxf7 28. Re1 Nc2 29. Rc1 Nd4 30. Nxd4 Bxd4+ 31. Kg2 Bxc5 32. Nc4 Ke6 33. Re1+
Kd5 34. Ne5 a5 35. Ra1 Bb3 36. Nd7 Bd4 37. Rc1 c6 38. Ne5 c5 39. Nd7 c4 0-1

[Event "FIDE World Blitz 2014"]
[Site "Dubai UAE"]
[Date "2014.06.19"]
[Round "9.21"]
[White "Nguyen, Ngoc Truong Son"]
[Black "Andriasian, Zaven"]
[Result "1-0"]
[WhiteTitle "GM"]
[BlackTitle "GM"]
[WhiteElo "2621"]
[BlackElo "2611"]
[WhiteFideId "12401110"]
[BlackFideId "13302000"]
[EventDate "2014.06.19"]

1. d4 d5 2. c4 c6 3. cxd5 cxd5 4. Nc3 Nf6 5. Bf4 Nc6 6. e3 a6 7. Bd3 g6 8. h3
Bg7 9. Nf3 O-O 10. Rc1 Re8 11. Ne5 Nxe5 12. dxe5 Nd7 13. Nxd5 Nxe5 14. Be2 Qa5+
15. b4 Qa3 16. O-O Be6 17. Nc7 Red8 18. Qe1 Rac8 19. Nxe6 fxe6 20. Rxc8 Rxc8 21.
Qb1 Qc3 22. Qe4 Qc6 23. Qxc6 Rxc6 24. b5 Rc2 25. Bd1 Rc1 26. bxa6 bxa6 27. Bb3
Rxf1+ 28. Kxf1 Kf7 29. Ke2 Bf6 30. g4 g5 31. Bg3 h6 32. f4 gxf4 33. exf4 Nc6 34.
Bc4 a5 35. f5 Bc3 36. Bxe6+ Kg7 37. Kd3 Bf6 38. Ke4 Nb4 39. a4 Nc6 40. Kd5 Nb4+
41. Kc4 Nc2 42. Bc7 Ne3+ 43. Kd3 Ng2 44. Bd5 Ne1+ 45. Kd2 Bh4 46. Bxa5 Kf6 47.
Bc3+ Kg5 48. a5 Kf4 49. a6 Bf2 50. Ke2 Kg3 51. Bxe1 1-0

[Event "FIDE World Blitz 2014"]
[Site "Dubai UAE"]
[Date "2014.06.19"]
[Round "9.22"]
[White "Jobava, Baadur"]
[Black "Wojtaszek, Radoslaw"]
[Result "1/2-1/2"]
[WhiteTitle "GM"]
[BlackTitle "GM"]
[WhiteElo "2713"]
[BlackElo "2715"]
[WhiteFideId "13601520"]
[BlackFideId "1118358"]
[EventDate "2014.06.19"]

1. d4 Nf6 2. Nc3 d5 3. Bf4 c6 4. Qd2 Bf5 5. f3 e6 6. g4 Bg6 7. h4 h5 8. g5 Nfd7
9. O-O-O Qa5 10. e3 Bb4 11. a3 Bxc3 12. Qxc3 Qxc3 13. bxc3 Nb6 14. Nh3 N8d7 15.
Bd6 Na4 16. Kd2 Ndb6 17. Rb1 O-O-O 18. Be5 Rhg8 19. Nf4 Nd7 20. Nxg6 fxg6 21.
Bd6 Nab6 22. Bd3 Nc4+ 23. Bxc4 dxc4 24. e4 b5 25. Ke3 a6 26. Bb4 Kb7 27. Ba5
Rdf8 28. Rhf1 Rf7 29. f4 Nb6 30. Bxb6 Kxb6 31. Rf2 Rgf8 32. Rbf1 Kc7 33. Rf3 a5
34. Kd2 a4 35. Ke3 Kd7 1/2-1/2

[Event "FIDE World Blitz 2014"]
[Site "Dubai UAE"]
[Date "2014.06.19"]
[Round "9.23"]
[White "Anton Guijarro, David"]
[Black "Najer, Evgeniy"]
[Result "0-1"]
[WhiteTitle "GM"]
[BlackTitle "GM"]
[WhiteElo "2631"]
[BlackElo "2653"]
[WhiteFideId "2285525"]
[BlackFideId "4118987"]
[EventDate "2014.06.19"]

1. d4 d5 2. c4 c6 3. Nf3 Nf6 4. e3 Bg4 5. h3 Bh5 6. Nbd2 e6 7. Bd3 Nbd7 8. Qc2
Bd6 9. c5 Bc7 10. b4 Bxf3 11. Nxf3 e5 12. Be2 O-O 13. Bb2 e4 14. Nd2 Re8 15. Rb1
Nf8 16. b5 Ng6 17. Bc3 Re6 18. bxc6 bxc6 19. Qa4 Nh4 20. g3 Nf5 21. Rb7 Bb8 22.
Rg1 h5 23. g4 Nh4 24. gxh5 Bh2 25. Rh1 Bb8 26. Kd1 a5 27. Kc2 Bc7 28. Nf1 Rb8
29. Qb3 a4 30. Qb1 Re7 31. Rxb8 Bxb8 32. Qb6 Qe8 33. Nh2 Bxh2 34. Rxh2 Nf3 35.
Rg2 Nxh5 36. Ba6 Kh7 37. Bb7 Re6 38. Rg4 Rf6 39. Qc7 Qe6 40. Bc8 Qe8 41. Qd7 Qf8
42. Bb7 Qb8 43. Rg2 Nh4 44. Rg4 Rxf2+ 45. Bd2 Qh2 46. Kc3 Rxd2 47. Kb4 Rb2+ 48.
Ka5 Qd2+ 49. Ka6 Ng6 50. Bxc6 Qd3+ 51. Bb5 Qxe3 52. c6 Qxd4 53. c7 Rc2 54. Rg5
Nf6 55. Qd8 Qc5 56. h4 Qxc7 57. Qxc7 Rxc7 58. h5 Nf4 59. Rf5 N4xh5 0-1

[Event "FIDE World Blitz 2014"]
[Site "Dubai UAE"]
[Date "2014.06.19"]
[Round "9.25"]
[White "Riazantsev, Alexander"]
[Black "Matlakov, Maxim"]
[Result "1/2-1/2"]
[WhiteTitle "GM"]
[BlackTitle "GM"]
[WhiteElo "2692"]
[BlackElo "2689"]
[WhiteFideId "4125029"]
[BlackFideId "4168003"]
[EventDate "2014.06.19"]

1. d4 d5 2. c4 c6 3. Nf3 Nf6 4. e3 Bf5 5. Bd3 Bg6 6. O-O e6 7. Qc2 Nbd7 8. Nbd2
Bd6 9. Rd1 O-O 10. e4 dxe4 11. Nxe4 Nxe4 12. Bxe4 Nf6 13. Bxg6 hxg6 14. h3 Qa5
15. Be3 Qf5 16. Rd3 b5 17. Rad1 bxc4 18. Qxc4 Rfc8 19. Rb3 Nd5 20. Rc1 Rab8 21.
Rxb8 Rxb8 22. b3 Nxe3 23. fxe3 Bg3 24. Qxc6 e5 25. dxe5 Rd8 26. Qc7 Qd3 27. Kh1
g5 28. Nd4 Re8 29. Qc3 Qe4 30. Qc2 Qxe5 31. Nf5 g4 32. hxg4 g6 33. Nxg3 Qxg3 34.
Rf1 Qxg4 35. Qf2 Re7 36. Qf3 Qg5 37. Qf4 Qa5 38. Qf6 Rd7 39. Rc1 Rd8 40. Kg1 Re8
41. Rf1 Qd5 42. Qf3 Qe6 43. Rf2 Re7 44. Re2 Rd7 45. Qf4 Kg7 46. Rf2 Rd1+ 47. Rf1
Rd2 48. Rf2 Rd1+ 49. Kh2 Rd5 50. Kg1 Rd1+ 51. Rf1 Rd2 52. Rf2 Rd1+ 53. Kh2 Rd5 1/2-1/2

[Event "FIDE World Blitz 2014"]
[Site "Dubai UAE"]
[Date "2014.06.19"]
[Round "9.26"]
[White "Caruana, Fabiano"]
[Black "Breckenridge, Steven James"]
[Result "1-0"]
[WhiteTitle "GM"]
[BlackTitle "FM"]
[WhiteElo "2791"]
[BlackElo "2299"]
[WhiteFideId "2020009"]
[BlackFideId "2043700"]
[EventDate "2014.06.19"]

1. Nf3 Nf6 2. g3 e6 3. Bg2 d5 4. O-O Be7 5. b3 O-O 6. c4 c5 7. e3 Nc6 8. Bb2 Qb6
9. d3 Rd8 10. Qe2 Bd7 11. Nc3 Rac8 12. Rac1 Qa6 13. Rfd1 Na5 14. Ne5 Be8 15. Ng4
dxc4 16. dxc4 Bc6 17. Bxc6 Nxc6 18. Na4 Ne8 19. h4 Qa5 20. h5 h6 21. Qf3 Rxd1+
22. Rxd1 Rd8 23. Rxd8 Qxd8 24. Ne5 Nxe5 25. Bxe5 Qd7 26. Bb8 b6 27. Qa8 Qd1+ 28.
Kg2 Kh7 29. Bxa7 Nf6 30. Bxb6 Qxh5 31. Qf3 Ng4 32. Bxc5 Bxc5 33. Nxc5 Qh2+ 34.
Kf1 Qh3+ 35. Ke2 Ne5 36. Qe4+ Ng6 37. Nd3 Qh5+ 38. g4 Qa5 39. a4 Qc3 40. b4 Qc2+
41. Kf3 f5 42. gxf5 Nh4+ 43. Qxh4 Qxd3 44. fxe6 Qd1+ 45. Kg2 Qxa4 46. Qe4+ 1-0

[Event "FIDE World Blitz 2014"]
[Site "Dubai UAE"]
[Date "2014.06.19"]
[Round "9.30"]
[White "Tkachiev, Vladislav"]
[Black "Vakhidov, Jahongir"]
[Result "0-1"]
[WhiteTitle "GM"]
[BlackTitle "IM"]
[WhiteElo "2625"]
[BlackElo "2471"]
[WhiteFideId "618438"]
[BlackFideId "14201801"]
[EventDate "2014.06.19"]

1. d4 g6 2. e4 Nf6 3. Nc3 d5 4. e5 Ne4 5. Bd3 Nxc3 6. bxc3 c5 7. Nf3 Nc6 8. h3
Qa5 9. Bd2 c4 10. Be2 Bf5 11. a4 h6 12. Nh4 Bd7 13. O-O O-O-O 14. f4 e6 15. g3
Be7 16. Ng2 Kb8 17. Ne3 Ka8 18. Qb1 Bc8 19. Rd1 Rhg8 20. Qb5 Qc7 21. Bf3 f5 22.
exf6 Bxf6 23. Kh2 Bxd4 24. Ng4 h5 25. Ne3 h4 26. Ng4 hxg3+ 27. Kg2 Bh8 28. a5 a6
29. Qb6 Qxb6 30. axb6 Rgf8 31. Re1 d4 32. Bxc6 bxc6 33. Rab1 dxc3 34. Be3 Bb7
35. Kxg3 Rf5 36. Bf2 Re8 37. Re2 g5 38. fxg5 Rxg5 39. Rd1 Rg6 40. Rd7 Rg7 41.
Rxg7 Bxg7 42. Bc5 Kb8 43. Bd6+ Kc8 44. Be5 Bf8 45. Nf6 Re7 46. Re4 c5 47. Rxc4
Rg7+ 48. Kf4 Rg1 49. Ng4 Rf1+ 50. Kg5 Rf5+ 51. Kg6 Bf3 52. Bg3 Kb7 53. Bc7 Bd5
54. Rxc3 c4 55. Re3 Bc5 56. Re5 Rf1 57. Rh5 Be4+ 58. Kg7 Bxc2 59. Rh8 Bd4+ 60.
Be5 Bxe5+ 61. Nxe5 c3 0-1

[Event "FIDE World Blitz 2014"]
[Site "Dubai UAE"]
[Date "2014.06.19"]
[Round "9.31"]
[White "Potkin, Vladimir"]
[Black "Efimenko, Zahar"]
[Result "1-0"]
[WhiteTitle "GM"]
[BlackTitle "GM"]
[WhiteElo "2621"]
[BlackElo "2648"]
[WhiteFideId "4131061"]
[BlackFideId "14107201"]
[EventDate "2014.06.19"]

1. d4 Nf6 2. c4 e6 3. Nf3 b6 4. g3 Bb4+ 5. Bd2 Bxd2+ 6. Qxd2 Ba6 7. b3 d5 8.
cxd5 Ne4 9. Qc2 exd5 10. Bg2 O-O 11. O-O Re8 12. Re1 c5 13. e3 Nc6 14. Qd1 Qf6
15. Na3 Nb4 16. Bf1 Bxf1 17. Rxf1 Nxa2 18. Nb5 Nac3 19. Nxc3 Nxc3 20. Qd3 Ne4
21. Ne5 Qe6 22. Ra6 f6 23. Nf3 c4 24. bxc4 dxc4 25. Qc2 Qd5 26. Nh4 Ng5 27. Qf5
Qb7 28. Rfa1 c3 29. R6a2 a5 30. Rc2 Rac8 31. Rac1 b5 32. Rxc3 Rxc3 33. Rxc3 b4
34. Rc5 b3 35. Rb5 Qf7 36. Nf3 Nxf3+ 37. Qxf3 a4 38. Qc6 h6 39. Rb4 Qe6 40. Qxa4
Rc8 41. Qxb3 Qxb3 42. Rxb3 g5 43. Kg2 1-0

[Event "FIDE World Blitz 2014"]
[Site "Dubai UAE"]
[Date "2014.06.19"]
[Round "9.34"]
[White "Ghaem Maghami, Ehsan"]
[Black "Volokitin, Andrei"]
[Result "0-1"]
[WhiteTitle "GM"]
[BlackTitle "GM"]
[WhiteElo "2582"]
[BlackElo "2638"]
[WhiteFideId "12500739"]
[BlackFideId "14107090"]
[EventDate "2014.06.19"]

1. d4 Nf6 2. c4 g6 3. Nc3 d5 4. Nf3 Bg7 5. Bf4 O-O 6. Rc1 Be6 7. c5 c6 8. e3 Bg4
9. Be2 Nbd7 10. h3 Bxf3 11. Bxf3 Re8 12. O-O e5 13. Bh2 exd4 14. exd4 Ne4 15.
Bxe4 dxe4 16. Re1 f5 17. Qb3+ Kh8 18. Qxb7 Bxd4 19. Na4 e3 20. fxe3 Bxe3+ 21.
Rxe3 Rxe3 22. Rd1 Qe8 23. Bf4 Re1+ 24. Rxe1 Qxe1+ 25. Kh2 Qe8 26. Qxc6 Rc8 27.
Qd5 Qe4 28. Qxe4 fxe4 29. b4 Kg7 30. Nc3 Nf6 31. Kg1 Kf7 32. Bg5 Ke6 33. a3 Re8
34. Kf1 Nd5 35. Nxe4 Ke5 36. Nd6 Rf8+ 37. Ke1 Nc3 38. Nb7 Kd5 39. Na5 Nb5 40. c6
Nxa3 41. c7 Rc8 42. Bf4 Nb5 43. Nb3 Nxc7 44. Nd2 Ne6 45. Bg3 Rc2 46. Kd1 Rb2 47.
Nf1 Rxb4 48. Ne3+ Ke4 49. Ng4 Kd3 50. Ne5+ Ke4 51. Ng4 Nd4 52. Nf2+ Kd5 53. Ng4
h5 54. Ne3+ Ke4 55. Bf2 a5 56. Kc1 a4 57. Nd1 a3 58. Be1 Rc4+ 59. Kb1 Kd3 60. g4
Ke2 0-1

[Event "FIDE World Blitz 2014"]
[Site "Dubai UAE"]
[Date "2014.06.19"]
[Round "9.36"]
[White "Sokolov, Ivan"]
[Black "Savchenko, Boris"]
[Result "1-0"]
[WhiteTitle "GM"]
[BlackTitle "GM"]
[WhiteElo "2650"]
[BlackElo "2581"]
[WhiteFideId "14400030"]
[BlackFideId "4147332"]
[EventDate "2014.06.19"]

1. d4 Nf6 2. Nf3 e6 3. c4 c5 4. d5 b5 5. dxe6 fxe6 6. cxb5 d5 7. Bf4 a6 8. e3
Qa5+ 9. Nc3 Ne4 10. b6 Nxc3 11. bxc3 Nd7 12. Be2 Qxc3+ 13. Nd2 Nxb6 14. O-O Be7
15. Rb1 Nd7 16. Bh5+ g6 17. Bg4 Nf6 18. Bh3 O-O 19. Nf3 Ne4 20. Ne5 Bd6 21. Rb3
Qd2 22. Qxd2 Nxd2 23. Nxg6 Rd8 24. Rb6 Bxf4 25. Nxf4 Nxf1 26. Nxe6 Nd2 27. Nxd8
Bxh3 28. Nb7 Nc4 29. Rc6 Bd7 30. Rc7 Bb5 31. Nxc5 Rd8 32. Ne6 Rd6 33. Nd4 Bd7
34. h3 Kf8 35. g4 Ke8 36. Ra7 Rb6 37. Ra8+ Kf7 38. Rd8 Ne5 39. f4 Rb1+ 40. Kh2
Ke7 41. Rh8 Nc4 42. Rxh7+ Kd8 43. g5 Rb2+ 44. Kg3 Nxe3 45. g6 Rb6 46. g7 Rg6+
47. Kf3 Nc2 48. Nxc2 Ke8 49. Nd4 Ba4 50. f5 Rg1 51. f6 Kf7 52. Rh8 Kxf6 53. g8=Q 1-0

[Event "FIDE World Blitz 2014"]
[Site "Dubai UAE"]
[Date "2014.06.19"]
[Round "9.38"]
[White "Nielsen, Peter Heine"]
[Black "Vahidov, Tair"]
[Result "1-0"]
[WhiteTitle "GM"]
[BlackTitle "GM"]
[WhiteElo "2654"]
[BlackElo "2446"]
[WhiteFideId "1400355"]
[BlackFideId "14200155"]
[EventDate "2014.06.19"]

1. d4 Nf6 2. c4 g6 3. Nc3 d5 4. cxd5 Nxd5 5. e4 Nxc3 6. bxc3 Bg7 7. Be3 c5 8.
Rc1 O-O 9. Nf3 Qa5 10. Qd2 Rd8 11. d5 b6 12. h4 e6 13. h5 exd5 14. hxg6 hxg6 15.
Bh6 Bf6 16. Bg5 Nd7 17. Bxf6 Nxf6 18. Qh6 Nh5 19. Rxh5 gxh5 20. Qg5+ Kh7 21.
Qxh5+ Kg7 22. Qg5+ Kh7 23. Qxd8 dxe4 24. Qh4+ Kg7 25. Qg5+ Kf8 26. Ne5 Qa3 27.
Bc4 e3 28. Qxe3 Bf5 29. Rd1 Re8 30. Qh6+ 1-0

[Event "FIDE World Blitz 2014"]
[Site "Dubai UAE"]
[Date "2014.06.19"]
[Round "9.40"]
[White "Ganguly, Surya Shekhar"]
[Black "Debashis, Das"]
[Result "1/2-1/2"]
[WhiteTitle "GM"]
[BlackTitle "GM"]
[WhiteElo "2619"]
[BlackElo "2484"]
[WhiteFideId "5002150"]
[BlackFideId "5024854"]
[EventDate "2014.06.19"]

1. d4 Nf6 2. c4 e6 3. g3 d5 4. Nf3 Be7 5. Bg2 O-O 6. Qc2 dxc4 7. Qxc4 a6 8. Bf4
Bd6 9. Qc1 Nc6 10. O-O Nxd4 11. Nxd4 e5 12. Be3 exd4 13. Bxd4 c6 14. Rd1 Qe7 15.
Nc3 Bc7 16. Qg5 h6 17. Bxf6 Qxf6 18. Qxf6 gxf6 19. Ne4 Kg7 20. Nd6 Bxd6 21. Rxd6
Be6 22. a3 Rfd8 23. Rad1 Rxd6 24. Rxd6 f5 25. f4 Kf6 26. Kf2 a5 27. Ke3 Ra6 28.
Rd4 Rb6 29. b4 axb4 30. Rxb4 Rxb4 31. axb4 Ke7 32. Kd4 Kd6 33. Bf3 b6 34. e3 c5+
35. bxc5+ bxc5+ 36. Kc3 Bd5 37. Bd1 Be6 38. Bc2 Kc6 39. h3 f6 40. Ba4+ Kd6 41.
Kd3 Kd5 42. Bb3+ Kd6 43. Bd1 Kd5 44. Bf3+ Kd6 45. Kc3 Bd5 46. Bh5 Be6 47. Bd1
Kc6 48. g4 fxg4 49. hxg4 Kb5 50. e4 c4 51. Kd4 Kb4 52. e5 fxe5+ 53. Kxe5 Bg8 54.
Kf6 c3 55. Bc2 Bb3 56. Be4 Bd1 57. g5 hxg5 58. Kxg5 c2 1/2-1/2

[Event "FIDE World Blitz 2014"]
[Site "Dubai UAE"]
[Date "2014.06.19"]
[Round "9.41"]
[White "Moiseenko, Alexander"]
[Black "Sriram, Jha"]
[Result "1-0"]
[WhiteTitle "GM"]
[BlackTitle "GM"]
[WhiteElo "2707"]
[BlackElo "2375"]
[WhiteFideId "14102560"]
[BlackFideId "5001668"]
[EventDate "2014.06.19"]

1. d4 Nf6 2. c4 g6 3. Nc3 Bg7 4. e4 d6 5. Bd3 O-O 6. Nge2 e5 7. d5 c6 8. O-O
cxd5 9. cxd5 Nh5 10. Be3 Nd7 11. Rc1 Nc5 12. Bb1 a5 13. a3 Bd7 14. b4 axb4 15.
axb4 Na4 16. Qd2 Nxc3 17. Nxc3 f5 18. exf5 gxf5 19. f3 Qf6 20. Bd3 Rfc8 21. Bb5
Qf7 22. Bxd7 Qxd7 23. Ne2 f4 24. Bf2 Qb5 25. Rc3 Nf6 26. Rfc1 Rd8 27. Bh4 Qxb4
28. Bxf6 Bxf6 29. h3 Qb6+ 30. Kh2 Qf2 31. R3c2 Bh4 32. Qd3 Rf8 33. Rc7 Bg3+ 34.
Kh1 Rf7 35. Rxf7 Kxf7 36. Qxh7+ Kf6 37. Qh6+ Kf5 38. Qe6+ Kg5 39. Qe7+ Kf5 40.
Qf7+ Kg5 41. Qg7+ Kf5 42. Nxg3+ fxg3 43. Qd7+ Kf4 44. Qg4+ Ke3 45. Qe4+ Kd2 46.
Rc2+ Kd1 47. Qd3+ Ke1 48. Rc1# 1-0

[Event "FIDE World Blitz 2014"]
[Site "Dubai UAE"]
[Date "2014.06.19"]
[Round "9.42"]
[White "Salgado Lopez, Ivan"]
[Black "Durarbayli, Vasif"]
[Result "0-1"]
[WhiteTitle "GM"]
[BlackTitle "GM"]
[WhiteElo "2622"]
[BlackElo "2590"]
[WhiteFideId "2257327"]
[BlackFideId "13402935"]
[EventDate "2014.06.19"]

1. e4 e5 2. Nf3 Nc6 3. Bb5 a6 4. Ba4 Nge7 5. Bb3 Ng6 6. d4 exd4 7. Nxd4 Bc5 8.
Nf5 O-O 9. Qh5 d6 10. Nc3 Bxf5 11. exf5 Qh4 12. Qxh4 Nxh4 13. g4 Nd4 14. Be3
Rae8 15. O-O-O Nxb3+ 16. axb3 Bxe3+ 17. fxe3 Rxe3 18. Nd5 Re2 19. Nxc7 h5 20.
Nd5 hxg4 21. f6 Nf3 22. Ne7+ Kh7 23. fxg7 Kxg7 24. Rxd6 Rxe7 0-1

[Event "FIDE World Blitz 2014"]
[Site "Dubai UAE"]
[Date "2014.06.19"]
[Round "9.44"]
[White "Georgiev, Kiril"]
[Black "Tissir, Mohamed"]
[Result "1-0"]
[WhiteTitle "GM"]
[BlackTitle "IM"]
[WhiteElo "2644"]
[BlackElo "2380"]
[WhiteFideId "2900017"]
[BlackFideId "9000240"]
[EventDate "2014.06.19"]

1. Nf3 Nf6 2. d4 g6 3. Bg5 Bg7 4. Nbd2 c5 5. Bxf6 exf6 6. e3 O-O 7. dxc5 Qa5 8.
c3 Qxc5 9. Be2 b6 10. Ne4 Qc7 11. Qd6 Qxd6 12. Nxd6 Ba6 13. Bxa6 Nxa6 14. O-O-O
f5 15. Rd2 Nc5 16. Rhd1 Rab8 17. Kc2 Bf6 18. c4 a6 19. b4 Ne4 20. Nxe4 fxe4 21.
Ne1 Rfc8 22. Kb3 Rc6 23. Rxd7 Be5 24. Rd8+ Rxd8 25. Rxd8+ Kg7 26. h3 Rf6 27. Rd2
Bh2 28. f4 exf3 29. Nxf3 Bg3 30. c5 bxc5 31. bxc5 Re6 32. Re2 Re4 33. Nd2 Re6
34. Kc4 f5 35. e4 Bf4 36. Kd5 Re5+ 37. Kd4 Re7 38. Nf3 Rd7+ 39. Kc4 Kf6 40. e5+
Ke7 41. c6 Rd1 42. Rc2 Kd8 43. e6 Ke7 44. Nd4 Be5 45. Nf3 Bf4 46. Kc5 Bd6+ 47.
Kb6 Rb1+ 48. Kxa6 Kxe6 49. c7 Bxc7 50. Rxc7 Rb2 51. Rc2 Rxc2 52. Nd4+ Kd5 53.
Nxc2 f4 54. a4 g5 55. a5 h5 56. Kb6 g4 57. hxg4 hxg4 58. Ne1 Ke4 59. a6 Ke3 60.
a7 Ke2 61. a8=Q Kxe1 62. Qe4+ Kf2 63. Qxf4+ 1-0

[Event "FIDE World Blitz 2014"]
[Site "Dubai UAE"]
[Date "2014.06.19"]
[Round "9.46"]
[White "Adly, Ahmed"]
[Black "Taleb, Moussa"]
[Result "1-0"]
[WhiteTitle "GM"]
[BlackTitle "GM"]
[WhiteElo "2594"]
[BlackElo "2406"]
[WhiteFideId "10601619"]
[BlackFideId "9300201"]
[EventDate "2014.06.19"]

1. d4 Nf6 2. c4 e6 3. Nc3 Bb4 4. e3 Bxc3+ 5. bxc3 d6 6. Bd3 Nbd7 7. f4 d5 8. Nf3
b6 9. cxd5 exd5 10. Ne5 Bb7 11. O-O O-O 12. Ba3 Re8 13. Qf3 Ne4 14. c4 Ndf6 15.
cxd5 Nd2 16. Qh3 Nxf1 17. Ng4 h6 18. Nxh6+ gxh6 19. Rxf1 Qxd5 20. Rf3 Qh5 21.
Qg3+ Kh8 22. d5 Rg8 23. Qf2 Rxg2+ 24. Qxg2 Rg8 25. Rg3 Qd1+ 26. Bf1 Rxg3 27.
hxg3 Bxd5 28. Qb2 Qf3 29. Qxf6+ Kg8 30. Qd8+ Kg7 31. Bd3 1-0

[Event "FIDE World Blitz 2014"]
[Site "Dubai UAE"]
[Date "2014.06.19"]
[Round "9.47"]
[White "Al Qudaimi, Basheer"]
[Black "Sandipan, Chanda"]
[Result "0-1"]
[WhiteTitle "IM"]
[BlackTitle "GM"]
[WhiteElo "2396"]
[BlackElo "2594"]
[WhiteFideId "9400346"]
[BlackFideId "5004225"]
[EventDate "2014.06.19"]

1. e4 e5 2. Nf3 Nc6 3. d4 exd4 4. Nxd4 Bc5 5. Nb3 Bb4+ 6. c3 Be7 7. c4 d6 8. Nc3
Bf6 9. Nd5 Be6 10. Be2 Bxd5 11. cxd5 Ne5 12. f4 Nd7 13. O-O Ne7 14. Rb1 O-O 15.
Be3 g6 16. Bd4 Bxd4+ 17. Qxd4 a5 18. Bb5 b6 19. Bxd7 Qxd7 20. f5 Rae8 21. f6 Nc8
22. Qe3 Kh8 23. Qh6 Rg8 24. Rf3 Re5 25. Rh3 Rh5 26. Rxh5 gxh5 27. Qxh5 Rg6 28.
Rf1 Qa4 29. Qf5 Na7 30. Kh1 Qxa2 31. Nd2 Qxb2 32. Rf2 a4 33. Nf1 Qd4 34. h4 a3
35. h5 Rg8 36. Qf3 Nb5 37. Rd2 Qe5 38. Nh2 Qa1+ 39. Rd1 Qb2 40. Qf1 a2 41. Nf3
Qxf6 42. e5 dxe5 43. Qxb5 e4 44. Qa4 exf3 45. g4 0-1